000 00739nam a2200241 a 4500
001 1064
005 20140414131847.0
008 041018s19uu xx 00 eng d
020 _a0-8343-0012-5
050 _aM 372.41
_bF91 v. 4
100 _aFrith, Michael
245 _aThe sesame street library, v. 4 /
_cwritten by Michael Frith ; illustrated by Mel Crawford.
260 _aNew York :
_bFunk and Wagnalls,
_c1978.
300 _ap. : ill. ; cm.
440 _aThe Sesame Street Library
500 _aContents: Featuring the letters G, H and I and the number 4.
520 _aWith Jim Henson's Muppets.
650 _aAlphabet.
650 _aNumber concept.
650 _aCounting.
650 _aReading.
999 _c109993
_d109993